Verfassung und Verwaltungsorganisation der Städte : Fünfter Band: Die Schweiz. Im Auftrag des Vereins Für Socialpolitik Herausgegeben. (Schriften des Vereins Für Socialpolitik 121).

Bibliographic Details
Main Author: Socialpolitik, Verein für.
Format: eBook
Language:German
Published: Berlin : Duncker & Humblot, 2014.
Edition:1st ed.
Series:Duncker and Humblot Reprints Series
Subjects:
Online Access:Click to View
LEADER 03769nam a22003973i 4500
001 EBC7101311
003 MiAaPQ
005 20240729202204.0
006 m o d |
007 cr cnu||||||||
008 240729s2014 xx o ||||0 ger d
020 |a 9783428573752  |q (electronic bk.) 
020 |z 9783428173754 
035 |a (MiAaPQ)EBC7101311 
035 |a (Au-PeEL)EBL7101311 
035 |a (OCoLC)1348482128 
040 |a MiAaPQ  |b eng  |e rda  |e pn  |c MiAaPQ  |d MiAaPQ 
100 1 |a Socialpolitik, Verein für. 
245 1 0 |a Verfassung und Verwaltungsorganisation der Städte :  |b Fünfter Band: Die Schweiz. Im Auftrag des Vereins Für Socialpolitik Herausgegeben. (Schriften des Vereins Für Socialpolitik 121). 
250 |a 1st ed. 
264 1 |a Berlin :  |b Duncker & Humblot,  |c 2014. 
264 4 |c {copy}1906. 
300 |a 1 online resource (151 pages) 
336 |a text  |b txt  |2 rdacontent 
337 |a computer  |b c  |2 rdamedia 
338 |a online resource  |b cr  |2 rdacarrier 
490 1 |a Duncker and Humblot Reprints Series 
505 0 |a Intro -- Inhaltsverzeichnis -- Die Schweiz -- I. Verfassung und Verwaltung der Stadt Zürich. Von Dr. C. Escher und Prof. Dr. Max Huber in Zürich -- Vorbemerkung -- Rechtsquellen, Literatur -- 1. Das Stadtgebiet -- 2. Gemeinde und Gemeindevertretung -- 3. Gemeindevorstand und Gemeindebeamte -- 4. Verhältnis des Stadtrates und des Großen Stadtrates -- 5. Heranziehung der Bürger zu anderweiten städtischen Ehrenämtern (Armen- und Schulverwaltung usw.) -- 6. Verhältnis der Stadt zu den umliegenden Landgemeinden -- 7. Verhältnis der Stadt zur Staatsregierung -- 8. Die Polizei und die Gemeinde -- II. Verfassung und Verwaltung der Stadt Basel. Von Dr. A. Im Hof, Sekretär des Regierungsrates von Basel-Stadt -- 1. Einleitung. - Bevölkerung: Niederlassung, Bürgerrecht und soziale Gliederung. - Parteien -- 2. Die Bürgergemeinde und die bürgerlichen Stiftungen und Korporationen -- 3. Einwohnergemeinde und Staat. - Politische Rechte, insbesondere Referendum, Initiative und Wahlen -- 4. Der Große Rat. - Befugnisse - Verhältnis zum Regierungsrat - Sozialpolitik der Behörde (Berufsgliederung der Mitglieder) -- 5. Die Verwaltungsbehörden: Regierungsrat - Departemente - Kommissionen. - Die Beamten -- 6. Verhältnis zu den Nachbargemeinden -- Anhang -- III. La Commune de Genève. Par Henri Fazy -- 1. Historique -- 2. Conseil Municipal -- 3. Composition du Corps Municipal -- 4. Administration Municipale -- 5. -- 6. Situation de la Ville à lé́gard de la banlieue -- 7. Situation de la Ville vis-á-vis de l'État -- 8. Finances Municipales -- IV. Verfassung und Verwaltung der Stadt Bern. Von Dr. jur. Alphonse Bandelier, Stadtschreiber der Stadt Bern -- 1. Stadtgebiet -- 2. Vertretung der Bürgerschaft -- 3. Gemeindevorstand und Gemeindebeamte -- 4. Verhältnis des Gemeindevorstandes zu der Gemeindevertretung. 
505 8 |a 5. Heranziehung der Bürger zu anderweitigen städtischen Ehrenämtern -- 6. Verhältnis der Stadt zu den umliegenden Gemeinden -- 7. Verhältnis der Städte zu der Staatsregierung. 
588 |a Description based on publisher supplied metadata and other sources. 
590 |a Electronic reproduction. Ann Arbor, Michigan : ProQuest Ebook Central, 2024. Available via World Wide Web. Access may be limited to ProQuest Ebook Central affiliated libraries.  
655 4 |a Electronic books. 
776 0 8 |i Print version:  |a Socialpolitik, Verein für  |t Verfassung und Verwaltungsorganisation der Städte  |d Berlin : Duncker & Humblot,c2014  |z 9783428173754 
797 2 |a ProQuest (Firm) 
830 0 |a Duncker and Humblot Reprints Series 
856 4 0 |u https://ebookcentral.proquest.com/lib/matrademy/detail.action?docID=7101311  |z Click to View